Statistiken für Minecraft Allgemeinwissen

Klicken Sie hier um das Quiz zu spielen!

Allgemein

  • Dieses Quiz wurde 868 mal gespielt
    (812 seit der letzten Aktualisierung)
  • Das Durchschnittsergebnis liegt bei 8 aus 15

Antwortstatistiken

HintAntwort% Korrekt
Aus welchem Material craftet man die Schlechtesten Tools in Minecraft?Holz
99%
Wie heißt der YouTuber der, der Besitzer des erfolgreichsten deutschen Servers ist? (Java Edition)Gomme
79%
Wie viele verschiedene Holzarten gibt es? (Stand 1.20.2)11
76%
Wie viele verschiedene Erzarten gibt es? (Stand 1.20.2)11
74%
Wie viele Erfolgekategorien gibt es in Minecraft? (Java Edition)5
68%
Wie viele Dimensionen gibt es in Minecraft? (Stand 1.20.2)3
65%
Für welchen Endboss muss man in eine andere Dimension gehen, weil er nur da spawnbar ist?Enderdrache
61%
Wie heißt der erfolgreichste Server weltweit? (Java Edition)Hypixel
58%
Wie heißt der Endboss des Nethers? (den in jeder Dimension spawnen kann)Wither
54%
Wie viele verschiedene Rüstungsbesatze gibt es in Minecraft?16
53%
Wie viele Strukturen gibt es in Minecraft?21
36%
Wie heißt der Endboss des Wassers?Großer Wächter
17%
Wie viele Festungen generieren in einer Minecraft Welt?128
13%
Wie viele Minecraft Items gibt es?1171
10%
Was ist außer Werkzeugen/Rüstung und Netherite-Barren noch nötig um seine Werkzeuge/Rüstung auf Netherite zu Upgraden? (Item)Netherit-Upgrade
0%

Verteilung der Resultate

Perzentil nach korrekt beantworteten Fragen

Anzahl Personen mit jedem Resultat

Ihre Resultats-Entwicklung

Sie haben dieses Quiz seit der letzten Aktualisierung nicht gespielt